| 000 | 01560cam a2200289 4500 | ||
|---|---|---|---|
| 001 | gs 67000233 | ||
| 003 | DLC | ||
| 005 | 20260227111421.0 | ||
| 008 | 700106s1966 ksuab b 000 0 eng c | ||
| 010 | _ags 67000233 | ||
| 040 |
_aU.S. Geological Survey Library _cDLC _dDLC |
||
| 050 | 0 | 0 |
_aQE113 _b.A2 no. 183 |
| 082 | 0 | 0 | _a553/.79/0978195 |
| 100 | 1 | _aJungmann, William L. | |
| 245 | 1 | 0 |
_aGeology and ground-water resources of Neosho County, Kansas / _cby William L. Jungmann. |
| 260 |
_aLawrence : _b[University of Kansas], _c1966. |
||
| 300 |
_a46 p. : _billus., maps (1 fold. col. in pocket) ; _c25 cm. |
||
| 490 | 1 | _aState Geological Survey of Kansas. Bulletin 183 | |
| 500 | _a"Prepared by the United States Geological Survey and the State Geological Survey of Kansas with the cooperation of the Environmental Health Services of the Kansas State Department of Health, and the Division of Water Resources of the Kansas State Board of Agriculture." | ||
| 501 |
_aWith : Compositional variance in the Plattsmouth Limestone Member (Pennsylvanian) in Kansas / by O. Karmie Galle and Wanda N. Waugh, 1966. Bound together subsequent to publication. _5DLC |
||
| 501 |
_aCopy 2 with : Geology and ground-water resources of Miami County, Kansas / by Don E. Miller, 1966. Bound together subsequent to publication. _5DLC |
||
| 504 | _aBibliography: p. 42-43. | ||
| 650 | 0 |
_aGeology _zKansas _zNeosho County. |
|
| 650 | 0 |
_aGroundwater _zKansas _zNeosho County. |
|
| 710 | 2 | _aGeological Survey (U.S.) | |
| 830 | 0 |
_aBulletin (Kansas Geological Survey) ; _v183. |
|
| 999 |
_c30343 _d30343 |
||